V najmenšej ZOO je ťahákom levica Zora

Bibliographic Details
Main Author: Novotný, Peter (Author)
Format: Article
Language:Slovak
PhysicalDescription:Fotogr., tab.
ISSN:1335-4655
Subjects:

MARC

LEADER 00000nab a2200000 ar4500
001 vtls011579305
003 SK-MaSNL
005 20260303231454.0
008 160913c20160525xo mr|p|||||||000 b|slo
038 |a SNSK 
040 |b slo  |c SNSK  |e AACR2 
041 |a slo 
044 |a xo  |c SK 
080 |a 59 : 069.029  |x (437.6)  |2 2011 
080 |a 069.029  |2 2011 
100 1 |a Novotný, Peter  |4 aut  |9 336055 
245 1 0 |a V najmenšej ZOO je ťahákom levica Zora 
300 |b Fotogr., tab. 
610 2 7 |a Zoologická záhrada (Stropkov, Slovensko)  |2 snsk  |9 176251 
650 0 7 |a činnosť organizácie  |2 snsk  |9 1266620 
651 7 |a Stropkov (Slovensko)  |2 snsk  |9 17493 
773 0 |t Nový Čas  |g Roč. 26, č. 121 (25.5.2016), s. 8-9  |x 1335-4655 
852 |a SNSK  |b KIS3GCP 
999 |c 2266813  |d 2268743